The Mekkan treasure on the subject of the unseen (Record no. 534993)

000 -LEADER
fixed length control field 00363nam a22001217a 4500
020 ## - INTERNATIONAL STANDARD BOOK NUMBER
International Standard Book Number 9780987037237
100 ## - MAIN ENTRY--PERSONAL NAME
Personal name Imam Ahmad Rida Ali al Qadiri
245 ## - TITLE STATEMENT
Title The Mekkan treasure on the subject of the unseen
260 ## - PUBLICATION, DISTRIBUTION, ETC.
Place of publication, distribution, etc. South Africa
Name of publisher, distributor, etc. Imam Ahmad Raza Academy
Date of publication, distribution, etc. 2012
300 ## - PHYSICAL DESCRIPTION
Extent 208p
942 ## - ADDED ENTRY ELEMENTS (KOHA)
Source of classification or shelving scheme
Koha item type Book
Holdings
Withdrawn status Lost status Source of classification or shelving scheme Damaged status Not for loan Permanent Location Current Location Shelving location Date acquired Source of acquisition Total Checkouts Full call number Barcode Date last seen Price effective from Koha item type
          Central Library (CL) Central Library (CL) First Floor - Islam 08/25/2020 Donation   297 RID CL-D-983 08/25/2020 08/25/2020 Book
© 2023 Central Library, National University of Sciences and Technology. All Rights Reserved.